00436nam a22001577a 450000500170000001000150001702000260003203500140005803700090007208200110008124500600009225000060015226000480015827000480020630000240025420250710104701.0 aENG-145911 c350.00a9789393225009 aEN-129443 bDBAD 21a921 aThe Bengal Tigress Mamata Banerjee/cMohammed Alimuddin a1 aMumbaibSaket27 Printer and Publisherc2021 aSpace House, Dahisher East bMumbaie400068 aiv, 109p.c24cm(Hb)